| 000 | 00460cam a2200205ua 4500 | ||
|---|---|---|---|
| 001 | 8757 | ||
| 005 | 20260515114356.0 | ||
| 008 | 150213n xxk |||gr||||Z||||||eng | ||
| 020 | _a9780099284826 | ||
| 040 | _cMAIN | ||
| 041 | _aeng | ||
| 082 | _a823 | ||
| 100 |
_aCoetzee, J. M., _eAuthor. |
||
| 245 | 1 |
_aDisgrace _cBy J. M. Coetzee |
|
| 250 | _a1st. | ||
| 260 |
_aLondon: _bVintage, _c2000. |
||
| 300 | _a220p. | ||
| 653 | _aEnglish fiction | ||
| 942 | _cBK | ||
| 999 |
_c7848 _d7848 |
||